100 Największych Miast w Unii Europejskiej na Mapie - Statystyki

Ogólne statystyki
  • Ten quiz został rozwiązany 102 razy
    94 od ostatniego zresetowania
  • Średni wynik to 75 z 100
Odpowiedzi na mapie
Odpowiedzi zakodowano w zielono-czerwonej skali na mapie do tego quizu, zgodnie z poniższymi procentami.
 
Statystyki odpowiedzi
Państwo Miasto Populacja % Poprawnych
Irlandia Dublin 1,2 mln
99%
Finlandia Helsinki 670k
98%
Dania Kopenhaga 1,4 mln
98%
Polska Kraków 800k
98%
Portugalia Lizbona 540k
98%
Polska Łódź 650k
98%
Polska Poznań 540k
98%
Czechy Praga 1,4 mln
98%
Łotwa Ryga 600k
98%
Polska Szczecin 390k
98%
Polska Warszawa 1,8 mln
98%
Litwa Wilno 600k
98%
Polska Wrocław 670k
98%
Węgry Budapeszt 1,7 mln
96%
Rumunia Bukareszt 1,7 mln
96%
Polska Gdańsk 490k
96%
Polska Lublin 330k
96%
Włochy Rzym 2,7 mln
96%
Szwecja Sztokholm 1 mln
96%
Estonia Tallinn 460k
96%
Austria Wiedeń 2 mln
96%
Grecja Ateny 3 mln
95%
Hiszpania Barcelona 1,7 mln
95%
Słowacja Bratysława 480k
95%
Polska Bydgoszcz 330k
95%
Hiszpania Madryt 3,2 mln
95%
Włochy Neapol 900k
95%
Francja Paryż 2 mln
95%
Bułgaria Sofia 1,2 mln
95%
Włochy Mediolan 1,3 mln
94%
Chorwacja Zagrzeb 660k
94%
Niderlandy Amsterdam 1,1 mln
93%
Niemcy Berlin 3,7 mln
93%
Belgia Bruksela 2 mln
93%
Grecja Saloniki 800k
93%
Francja Marsylia 860k
91%
Niemcy Monachium 1,5 mln
91%
Hiszpania Sewilla 690k
91%
Francja Lyon 520k
90%
Włochy Turyn 850k
89%
Słowenia Lublana 290k
88%
Czechy Brno 400k
87%
Niemcy Hamburg 1,7 mln
87%
Litwa Kowno 300k
87%
Hiszpania Walencja 820k
87%
Niderlandy Rotterdam 870k
84%
Hiszpania Bilbao 350k
83%
Włochy Palermo 620k
83%
Niemcy Frankfurt 750k
82%
Niemcy Lipsk 610k
82%
Szwecja Malmo 370k
82%
Niemcy Dortmund 600k
80%
Niemcy Kolonia 1 mln
80%
Francja Nicea 350k
80%
Szwecja Goteborg 610k
79%
Niderlandy Haga 850k
79%
Niemcy Drezno 560k
78%
Włochy Florencja 360k
77%
Niemcy Stuttgart 610k
77%
Belgia Antwerpia 1 mln
74%
Bułgaria Warna 320k
73%
Austria Graz 300k
72%
Włochy Bolonia 390k
71%
Niemcy Brema 590k
71%
Włochy Genua 560k
71%
Hiszpania Saragossa 690k
70%
Francja Tuluza 510k
68%
Włochy Bari 320k
67%
Niemcy Dusseldorf 620k
67%
Hiszpania Malaga 590k
67%
Francja Strasburg 290k
67%
Włochy Katania 300k
66%
Niemcy Norymberga 530k
66%
Niemcy Hanower 520k
65%
Francja Nantes 330k
63%
Hiszpania Palma 440k
61%
Niemcy Essen 570k
59%
Niemcy Bonn 320k
55%
Dania Aarhus 300k
54%
Niderlandy Utrecht 400k
54%
Niderlandy Eindhoven 320k
51%
Hiszpania Vigo 300k
51%
Bułgaria Płowdiw 330k
48%
Hiszpania Alicante 360k
46%
Belgia Liege 550k
46%
Belgia Gent 430k
45%
Francja Montpellier 310k
44%
Hiszpania Murcja 470k
40%
Hiszpania Kordoba 320k
39%
Niemcy Augsburg 300k
35%
Niemcy Bielefeld 330k
35%
Niemcy Mannheim 320k
33%
Niemcy Duisburg 500k
29%
Niemcy Bochum 360k
27%
Finlandia Espoo 320k
27%
Hiszpania Valladolid 300k
24%
Belgia Charleroi 360k
23%
Niemcy Wuppertal 360k
23%
Niemcy Karlsruhe 300k
21%
Niemcy Munster 300k
20%
Nie znaleziono quizów pasujących do podanych kryteriów
Rozkład punktacji
Procent ludzi z każdym wynikiem
Percentyl według liczby udzielonych odpowiedzi
Twoja historia wyników
Nie rozwiązałeś tego quizu od ostatniego zresetowania